Mikrobiálne ovplyvnená korózia povlakov na báze zinku

Uložené v:
Podrobná bibliografia
Hlavný autor: Vávrová, Jana, 1990- (Autor)
Ďalší autori: Zemanová, Matilda, 1967- (Vedúci práce)
Médium: Rukopis Kniha
Jazyk:Slovak
Vydavateľské údaje: 2015
Predmet:
On-line prístup:http://is.stuba.sk/zp/portal_zp.pl?podrobnosti=113050
Tagy: Pridať tag
Žiadne tagy, Buďte prvý, kto otaguje tento záznam!

MARC

LEADER 00000ntm a22000003a 4500
001 stuzp52516
003 SK-STU
005 20160719154209.1
007 ta
008 150427s2015----xo-----f-mn---000-0-slo-d
040 |a STU  |b slo 
041 0 |a slo 
100 1 |a Vávrová, Jana,  |d 1990-  |u 042120  |4 aut  |U FCHPT Ústav anorganickej chémie, technológie a materiálov  |T FCHPT Oddelenie anorganickej technológie  |X 44213  |U C2120  |Y 111  |7 A00000044213 
242 0 1 |a Microbiologically influenced corrosion of zinc-based coatings  |y eng 
245 1 0 |a Mikrobiálne ovplyvnená korózia povlakov na báze zinku 
260 |c 2015 
650 4 |a Aspergillus niger  |2 slo 
650 4 |a zinkovanie  |2 slo 
650 4 |a chromátovanie  |2 slo 
650 4 |a fosfátovanie  |2 slo 
650 4 |a korózia  |2 slo 
650 4 |a inhibícia  |2 slo 
650 4 |a Aspergillus niger  |2 eng 
650 4 |a zinc coating  |2 eng 
650 4 |a chromate coating  |2 eng 
650 4 |a phosphate coating  |2 eng 
650 4 |a corrosion  |2 eng 
650 4 |a inhibition  |2 eng 
700 1 |a Zemanová, Matilda,  |d 1967-  |4 ths  |X 3885  |7 A000003885 
856 4 |u http://is.stuba.sk/zp/portal_zp.pl?podrobnosti=113050 
SQL |a stuzp52516  |b DDP  |c SLO  |d Mikrobiálne ovplyvnená korózia povlakov na báze zinku  |e 44213  |f Vávrová, Jana  |g 042120  |h 3885  |i Zemanová, Matilda  |j 20150608  |k 117  |l 04  |m http://is.stuba.sk/zp/portal_zp.pl?podrobnosti=113050  |n I-CHTI  |o 5.2.18. chemické technológie